000 00772cam a2200289 4500
008 090401t1996 xxu||||| |||| 00| 0 eng d
020 _a0471114243
035 _a(Sirsi) u77037
041 _aeng
050 _a692.80973
100 _aCushman, Robert F
245 _aProving and pricing construction claims.
250 _a2nd ed.
260 _aNew York
_bJohn Wiley
_c1996
300 _a(605)p. ; 25cm.
350 _a100
650 _aBUILT ENVIRONMENT-BUILDING CONTRACT FORMS
650 _aCONSTRUCTION CLAIMS
650 _aCONTRACTOR CLAIMS
650 _aDAMAGES
650 _aUNITED STATES
690 _aBUILT ENVIRONMENT-BUILDING CONTRACT FORMS
700 _aJacobsen, Craig M.
700 _aTrimble, P.J.
942 _n0
948 _c11/03/1997
999 _c96275
_d96275